Top 100 Movies of All-Time - Statistics

General Stats
  • This quiz has been taken 445 times
    313 since last reset
  • The average score is 47 of 100
Answer Stats
Answer % Correct
The Godfather
90%
The Dark Knight
81%
Star Wars
80%
Forrest Gump
77%
Pulp Fiction
75%
Titanic
75%
The Matrix
74%
Fight Club
72%
The Silence of the Lambs
71%
Goodfellas
70%
Joker
70%
The Shawshank Redemption
70%
Gladiator
69%
Schindler's List
67%
The Godfather: Part 2
67%
Casablanca
65%
Oppenheimer
65%
Raiders of the Lost Ark
64%
Se7en
64%
Alien
62%
The Shining
62%
Terminator 2: Judgement Day
61%
Back to the Future
60%
Interstellar
60%
One Flew Over The Cuckoo's Nest
60%
The Good, the Bad and the Ugly
60%
The Lord of the Rings: The Return of the King
59%
The Pianist
58%
Good Will Hunting
56%
Inception
56%
Taxi Driver
56%
The Departed
56%
The Empire Strikes Back
56%
The Lord of the Rings: The Two Towers
56%
No Country for Old Men
55%
The Lord of the Rings: The Fellowship of the Ring
54%
Braveheart
53%
Django: Unchained
53%
Jurassic Park
53%
The Wolf of Wall Street
52%
American Beauty
51%
Citizen Kane
51%
Parasite
51%
Scarface
51%
12 Angry Men
50%
Inglourious Basterds
50%
Psycho
50%
Jaws
48%
Whiplash
48%
Avengers: Infinity War
46%
The Lion King
46%
The Green Mile
45%
There Will Be Blood
45%
Gone With the Wind
44%
Batman Begins
43%
Slumdog Millionaire
43%
Lawrence of Arabia
42%
Million Dollar Baby
42%
Ben-Hur
41%
Fargo
41%
2001: A Space Odyssey
40%
Raging Bull
40%
The Prestige
40%
Memento
39%
Saving Private Ryan
38%
The Big Lebowski
38%
12 Years a Slave
37%
Training Day
37%
A Clockwork Orange
36%
Rain Man
36%
The Deer Hunter
36%
The Usual Suspects
36%
Seven Samurai
35%
Rear Window
33%
Vertigo
32%
Spider-Man: Into the Spider-Verse
31%
The French Connection
31%
Chinatown
30%
City of God
30%
The Artist
30%
The Bridge on the River Kwai
30%
Dr. Strangelove, or: How I Learned to Stop Worrying and Love the Bomb
29%
Shrek 2
28%
Spider-Man: Across the Spider-Verse
28%
The Thing
28%
North by Northwest
27%
Oldboy
27%
Shutter Island
27%
The Grand Budapest Hotel
27%
The Apartment
26%
Mulholland Drive
25%
Hereditary
24%
Once Upon a Time in the West
23%
Spirited Away
23%
Unforgiven
23%
Heat
22%
Once Upon a Time in America
21%
L.A. Confidential
15%
The Bride of Frankenstein
15%
High and Low
12%
No matching quizzes found
Score Distribution
Percent of People with Each Score
Percentile by Number Answered
Your Score History
You have not taken this quiz since the last reset